00645nam a2200181 a 450000100100000000500170001000800410002704000250006808200150009311000540010824000170016224500480017925000160022726000730024330000200031695201120033699900150044800000584520200929151816.0090824s1949 dr 000 0 spa d aDO-SdBNPbspacBNPHU axxxbL681s1 aRepública Dominicana.bCongreso Nacional91650113a[ Leyes etc]10aLey sobre seguros sociales y su reglamento. aed. oficial aCiudad Trujillo, República Dominicana :bCongreso Nacional,c1949. a40 p. ;c26 cm. 0010718PDaPDbPDcCTd2009-08-24iLF1l0oxxx L681sp5845-10r2020-06-25w2020-06-25yLFPDZNo se presta c5641d5641